000 00462nam a2200181Ia 4500
005 20240823010317.0
008 240823s9999||||xx |||||||||||||| ||und||
041 _aENGLISH
082 _A515.9 M9
100 _aCopson E T
245 3 _aAn Introduction to the Theory functions of complex variable
250 _a1st
260 _c1989
_b"Oxford,Bombay"
500 _aTRANSFERED
650 _aComplex Variables
_bMathematics
942 _cBK
999 _c158248
_d158248